Amerikanische Nummernschilder - Statistiken

Allgemein
  • Dieses Quiz wurde 29 mal gespielt
  • Das Durchschnittsergebnis liegt bei 14 aus 50
Antwortstatistiken
Bildquiz Antwort % Korrekt
Florida
69%
Hawaii
69%
Arizona
62%
New York
46%
Texas
46%
Vermont
46%
Alaska
38%
Delaware
38%
Georgia
38%
Nevada
38%
Oregon
38%
Washington
38%
Idaho
31%
Illinois
31%
Michigan
31%
Minnesota
31%
NewJersey
31%
North Dakota
31%
South Carolina
31%
South Dakota
31%
Utah
31%
Virginia
31%
Arkansas
23%
Colorado
23%
Connecticut
23%
Kalifornien
23%
Louisiana
23%
Maine
23%
Maine
23%
Massachusetts
23%
Mississippi
23%
Nebraska
23%
New Hampshire
23%
New Mexiko
23%
NorthCarolina
23%
Ohio
23%
Washington DC
23%
West Virginia
23%
Alabama
15%
Indiana
15%
Iowa
15%
Kansas
15%
Maryland
15%
Missouri
15%
Montana
15%
Oklahoma
15%
Tennessee
15%
Wyoming
15%
Kentucky
8%
Pennsylania
0%
Keine übereinstimmenden Quizze gefunden
Verteilung der Resultate
Anzahl Personen mit jedem Resultat
Perzentil nach korrekt beantworteten Fragen
Ihre Resultats-Entwicklung
Sie haben dieses Quiz noch nicht gespielt